Géographie de l'Europe par lettre - I - Statistiques

Statistiques générales
  • Ce quiz a été pris 297 fois
  • Le résultat moyen est 10 sur 20
Statistiques - réponses
Indice Réponse % Correct
Ville turque partagée entre Europe et Asie Istanbul
97%
Autre pays dans lequel il coule, sa capitale est Rome Italie
94%
Péninsule du Portugal, de l'Espagne et d'Andorre Péninsule {Ibérique}
94%
Région de Paris Île de France
90%
Île et état de l'atlantique nord, connue pour ses volcans et ses geysers Islande
88%
L'île d'émeraude, sa partie nord appartient au Royaume-Uni Irlande
80%
Île des baléares Ibiza
70%
Petite île du Frioul, au château célèbre Île d'{If}
62%
Ville d'Autriche et "capitale des alpes" Innsbruck
60%
Royaume d'Ulysse, dans le dit archipel Ithaque
50%
Ville allemande, théâtre d'une victoire napoléonienne en 1806 Iéna
47%
Ville d'Italie au célèbre circuit automobile Imola
47%
Mer située au large de la Bretagne Iroise
37%
Archipel grec Îles {ioniennes}
30%
Péninsule croate Istrie
15%
Point culminant de la Crête, berceau mythique de Zeus Mont {Ida}
13%
Région historique des balkans couvrant la côte adriatique Illyrie
6%
Cours d'eau néerlandais donnant son nom à une province et une mer Ijssel
4%
Fleuve surtout slovène, théâtre de la bataille de Caporetto Isonzo
3%
Région historique russe autour de Saint-Pétersbourg Ingrie
1%
Aucun quiz correspondant
Distribution des résultats
% des personnes avec chaque résultat
Percentile par nombre de réponses
Votre historique - résultats
Vous n’avez pas pris ce quiz